| 000 | 00415cam a2200181ua 4500 | ||
|---|---|---|---|
| 001 | 8623 | ||
| 005 | 20260515114345.0 | ||
| 008 | 150210n xxk |||gr||||Z||||||eng | ||
| 040 | _cMAIN | ||
| 041 | _aeng | ||
| 082 | _a824 | ||
| 100 |
_aCharlton, J. M., _eCompilor. |
||
| 245 | 1 |
_aModern essays _cCompiled by J. M. Charlton |
|
| 250 | _a1st. | ||
| 260 |
_aLondon: _bBlakie, _c1966. |
||
| 300 | _a182p. | ||
| 942 | _cBK | ||
| 999 |
_c7716 _d7716 |
||